Регионална библиотека "Любен Каравелов" - Русе

Ишиас (Запис номер 412785)

MARC детайли
000 -Лидер
Контролно поле с фиксирана дължина nam a22 a 4500
003 - Код на организацията, давaща контролен номер
Контролно поле BLK
005 - Дата и час на последна редакция
Контролно поле 20210507094003.0
008 - Елементи от данни с фиксирана дължина
fixed length control field 210507b bu |||||r|||| 00| 0 bu d
040 ## - Източник на каталожния запис
Идентификатор на билиотеката - собственик на записа BLK
041 ## - Код за език
Код за езика на текст/звукозапис или на отделно заглавие Руски
Код за езика КДБФ Руски
080 ## - УДК
Текстов определител УДК Болести на периферните нерви и нервни сплитове - Неврити;инфекциозен, професионален, токсичен; невралгии, тригеминусна невралгия, парализа
УДК код - определител по УДК 616.833
УДК - код + определител 616.833
100 ## - Редна дума - Автор
R(LIN) 1299
Автор Шамбуров, Дмитрий Афанасьевич
Авторска отговорност първи автор
139 ## - Редно поле
Редна дума Шамбуров, Дмитрий Афанасьевич
245 ## - Сведения за заглавието
Заглавие Ишиас
Редно поле (дума) Дмитрий Афанасьевич Шамбуров
250 ## - Област на изданието
Сведения за изданието 2 испр.и доп. изд.
260 ## - Област на издателските данни
9 (RLIN) 212287
Място на издаване, разпространение и проч. Москва
Име на издателя, разпространителя и проч. Медгиз
Година на издаване 1954
300 ## - Физическа характеристика
Страници 220с.
Размери/Мащаб 21см
380 ## - Жанр
Жанр Медицина
490 ## - СЕРИИ (Колекции)
9 (RLIN) 451473
Име на серия Библиотека практического врача
650 #7 - Допълнително описание по предмет – тема
9 (RLIN) 158003
Основно описание – тема или топоним Ишиас
653 #7 - Ключова дума – ненормативна
9 (RLIN) 187947
Ключова дума ишиас
852 ## - Местоположение
Форматна сигнатура Цб 6.205.45665
Фондова буква Основен фонд - ползва се само за читалня
999 ## - СИСТЕМНИ КОНТРОЛНИ НОМЕРА
Koha biblionumber 412785
Koha biblioitemnumber 412785
942 ## - АРТИКУЛИ
Вид на библиотечния материал Книги
Скрит в OPAC Не
Периодичен библиозапис Да
944 ## - СЪЗДАВАНЕ И РЕДАКЦИЯ на ЗАПИСА
Създаване/Редакция Създаване
Дата на регистрацията/редакция 2021-05-07
Служител, извършил регистрацията/редакцията Микаела Микова-Илиева
Статус, дата на статуса 2021-05-07
Наличности
Код за отписване Код за изгубен артикул Източник на класификационната схема Код за повреда Коз за рестрикции Код за отдаване Артикулен № Име на библиотеката - собственик Име на библиотеката, в която се намира в момента Статус (Текущо местоположение) Дата на вписване в системата Местоположение - отдел Цена в лева Инвентарен номер Систематично азбучна сигнатура Баркод Цена в евро Служебен тип на артикула
  Не е изгубен Universal Decimal Classification Не е повреден само за читалня ползва се в читалня 829885 Регионална библиотека "Любен Каравелов" Русе Регионална библиотека "Любен Каравелов" Русе Хранилище 2021-05-14 Основен фонд - ползва се само за читалня 0.66 5522/55 Цб 6.205.45665 900000059151 0.34 Книги
Vip Innovations Ltd, Rousse, Bulgaria 2025